[Event "Pobeskydy Talents op 42nd"]
[Site "Frydek Mistek"]
[Date "2023.04.07"]
[Round "4"]
[White "Miculka, Petr"]
[Black "Kosut, Tomas"]
[Result "1-0"]
[WhiteElo "2085"]
[BlackElo "1911"]
[PlyCount "45"]
[EventDate "2023.04.06"]
[EventType "swiss"]
[EventRounds "9"]
[EventCountry "CZE"]
[SourceTitle "EXT 2024"]
[Source "ChessBase"]
[SourceDate "2023.10.10"]
[SourceVersion "1"]
[SourceVersionDate "2023.10.10"]
[SourceQuality "1"]

1. e4 c5 2. Nf3 g6 3. c3 Bg7 4. d4 cxd4 5. cxd4 d5 6. exd5 Nf6 7. Nc3 0-0 8. Bc4 Nbd7 9. d6 exd6 10. 0-0 Nb6 11. Bb3 d5 12. Bg5 h6 13. Bh4 g5 14. Bg3 Bg4 15. Qd3 a6 16. Ne5 Be6 17. f4 g4 18. Bh4 h5 19. Bc2 Re8 20. Bxf6 Qxf6 21. Qh7+ Kf8 22. f5 Bc8 23. Ng6+ 1-0

[Event "Pobeskydy Talents op 42nd"]
[Site "Frydek Mistek"]
[Date "2023.04.06"]
[Round "2"]
[White "Miculka, Petr"]
[Black "Dylong, Antoni"]
[Result "0-1"]
[WhiteElo "2085"]
[BlackElo "2002"]
[PlyCount "40"]
[EventDate "2023.04.06"]
[EventType "swiss"]
[EventRounds "9"]
[EventCountry "CZE"]
[SourceTitle "EXT 2024"]
[Source "ChessBase"]
[SourceDate "2023.10.10"]
[SourceVersion "1"]
[SourceVersionDate "2023.10.10"]
[SourceQuality "1"]

1. e4 e6 2. d3 c5 3. Nf3 Nc6 4. g3 Nge7 5. Bg2 d5 6. Nbd2 g6 7. 0-0 Bg7 8. Re1 0-0 9. c3 b6 10. e5 Qc7 11. Qe2 g5 12. Nxg5 Qxe5 13. Qh5 Qxe1+ 14. Bf1 h6 15. Ngf3 Qd1 16. Nb3 Ne5 17. Nbd2 N7g6 18. d4 cxd4 19. cxd4 Nxf3+ 20. Kg2 Ne1+ 0-1

[Event "CZE-chT2E 2223"]
[Site "Czech Republic"]
[Date "2023.03.05"]
[Round "10.4"]
[White "Miculka, Petr"]
[Black "Fojtik, Tomas"]
[Result "1-0"]
[WhiteElo "2093"]
[BlackElo "2053"]
[PlyCount "45"]
[EventDate "2022.10.16"]
[EventType "team-tourn"]
[EventRounds "11"]
[EventCountry "CZE"]
[SourceTitle "EXT 2024"]
[Source "ChessBase"]
[SourceDate "2023.10.10"]
[SourceVersion "1"]
[SourceVersionDate "2023.10.10"]
[SourceQuality "1"]
[WhiteTeam "Namest nad Oslavou"]
[BlackTeam "Znojmo"]
[WhiteTeamCountry "CZE"]
[BlackTeamCountry "CZE"]

1. e4 d6 2. d4 Nf6 3. Nc3 g6 4. f4 Bg7 5. Nf3 0-0 6. Bd3 Na6 7. 0-0 c5 8. e5 Nd7 9. exd6 exd6 10. f5 cxd4 11. Nd5 Nac5 12. Bg5 Nf6 13. fxg6 fxg6 14. Nh4 Ne6 15. Bxf6 Bxf6 16. Nxg6 hxg6 17. Bxg6 Be5 18. Qh5 Qd7 19. Rxf8+ Nxf8 20. Rf1 Nxg6 21. Qxg6+ Qg7 22. Ne7+ Kh8 23. Qh5+ 1-0

[Event "CZE-chT2F 2122"]
[Site "Czech Republic"]
[Date "2022.01.30"]
[Round "7.5"]
[White "Olsar, Jaroslav"]
[Black "Miculka, Petr"]
[Result "0-1"]
[WhiteElo "2113"]
[BlackElo "2096"]
[PlyCount "98"]
[EventDate "2021.10.17"]
[EventType "team-tourn"]
[EventRounds "11"]
[EventCountry "CZE"]
[SourceTitle "EXT 2024"]
[Source "ChessBase"]
[SourceDate "2023.10.10"]
[SourceVersion "1"]
[SourceVersionDate "2023.10.10"]
[SourceQuality "1"]
[WhiteTeam "Karvina"]
[BlackTeam "Poruba Slavoj III"]
[WhiteTeamCountry "CZE"]
[BlackTeamCountry "CZE"]

1. e4 c5 2. Nf3 Nc6 3. c3 d5 4. exd5 Qxd5 5. d4 e5 6. dxe5 Qxd1+ 7. Kxd1 Bg4 8. Bf4 f6 9. h3 Bxf3+ 10. gxf3 0-0-0+ 11. Nd2 g5 12. Be3 Nxe5 13. Kc2 Be7 14. f4 gxf4 15. Bxf4 Ng6 16. Be3 f5 17. Nf3 Nf6 18. Bd3 f4 19. Bd2 Nd5 20. a3 Rhf8 21. c4 Nc7 22. Rae1 Bf6 23. h4 Rde8 24. h5 Ne5 25. Nxe5 Bxe5 26. Bxh7 Ne6 27. Bc3 Nd4+ 28. Bxd4 Bxd4 29. f3 Re3 30. Be4 Rg8 31. Reg1 Re2+ 32. Kd3 Rxg1 33. Rxg1 Rxb2 34. Bf5+ Kc7 35. Rh1 Rb3+ 36. Ke4 Rxa3 37. h6 Bh8 38. Rg1 Rc3 39. Be6 Re3+ 40. Kf5 Re5+ 41. Kxf4 Rxe6 42. Kg5 Kd7 43. f4 Ke7 44. f5 Rd6 45. Rg3 Kf7 46. Rb3 b6 47. Ra3 a5 48. Rb3 a4 49. Ra3 Rd4 0-1

[Event "EUR-ch Seniors 50"]
[Site "Prague"]
[Date "2021.09.07"]
[Round "9.2"]
[White "Michalek, Jan"]
[Black "Miculka, Petr"]
[Result "1-0"]
[WhiteElo "2276"]
[BlackElo "2081"]
[PlyCount "67"]
[EventDate "2021.08.30"]
[EventType "team-tourn"]
[EventRounds "9"]
[EventCountry "CZE"]
[SourceTitle "CBM 204 Extra"]
[Source "ChessBase"]
[SourceDate "2021.11.30"]
[SourceVersion "1"]
[SourceVersionDate "2021.11.30"]
[SourceQuality "1"]
[WhiteTeam "1960 69 50"]
[BlackTeam "Vysocina KSS 50"]
[WhiteTeamCountry "CZE"]
[BlackTeamCountry "CZE"]

1. e4 c5 2. Nf3 Nc6 3. d4 cxd4 4. Nxd4 Nf6 5. Nc3 e5 6. Ndb5 d6 7. Bg5 a6 8. Na3 b5 9. Bxf6 gxf6 10. Nd5 Bg7 11. c4 0-0 12. cxb5 Nd4 13. Bd3 f5 14. 0-0 fxe4 15. Bxe4 f5 16. Nf6+ Rxf6 17. Bxa8 Be6 18. Bb7 axb5 19. Nc2 Rh6 20. Nxd4 exd4 21. Qf3 Be5 22. h3 Kh8 23. Bd5 Bd7 24. Rfd1 Rh4 25. Qa3 d3 26. Rxd3 b4 27. Qb3 Qb6 28. Rc1 Bd4 29. Rf3 f4 30. Qc2 Rh5 31. Bb3 Rc5 32. Qd2 Rg5 33. Rxf4 Be5 34. Rf8+ 1-0

[Event "EUR-ch Seniors 50"]
[Site "Prague"]
[Date "2021.09.01"]
[Round "3.2"]
[White "Mrva, Martin"]
[Black "Miculka, Petr"]
[Result "1-0"]
[WhiteElo "2387"]
[BlackElo "2081"]
[PlyCount "77"]
[EventDate "2021.08.30"]
[EventType "team-tourn"]
[EventRounds "9"]
[EventCountry "CZE"]
[SourceTitle "CBM 204 Extra"]
[Source "ChessBase"]
[SourceDate "2021.11.30"]
[SourceVersion "1"]
[SourceVersionDate "2021.11.30"]
[SourceQuality "1"]
[WhiteTeam "Slovakia 50"]
[BlackTeam "Vysocina KSS 50"]
[WhiteTeamCountry "SVK"]
[BlackTeamCountry "CZE"]

1. e4 c5 2. Nf3 Nc6 3. Nc3 Nf6 4. Bb5 d6 5. e5 dxe5 6. Nxe5 Qc7 7. Nxc6 bxc6 8. Qf3 Bd7 9. b3 e5 10. Bc4 Bg4 11. Qg3 Bf5 12. 0-0 Bg6 13. Re1 Bd6 14. f4 e4 15. Nxe4 Nxe4 16. d3 Be5 17. Rxe4 Bxe4 18. fxe5 Bd5 19. Be3 0-0 20. Bxc5 Rfe8 21. Bxd5 cxd5 22. Bd4 Re6 23. c3 Rae8 24. b4 f6 25. exf6 Qxg3 26. hxg3 Re1+ 27. Rxe1 Rxe1+ 28. Kh2 Ra1 29. Bxa7 gxf6 30. b5 Rxa2 31. b6 Rb2 32. c4 dxc4 33. dxc4 Kf7 34. c5 Ke6 35. c6 Kd6 36. b7 Kc7 37. Kh3 h5 38. Kh4 Rb5 39. b8Q+ 1-0

[Event "WchT Seniors 50"]
[Site "Prague"]
[Date "2020.03.10"]
[Round "5.14"]
[White "Miculka, Petr"]
[Black "Sandten, Ulrich"]
[Result "1/2-1/2"]
[WhiteElo "2040"]
[BlackElo "2100"]
[PlyCount "82"]
[EventDate "2020.03.06"]
[EventType "team-swiss"]
[EventRounds "7"]
[EventCountry "CZE"]
[SourceTitle "CBM 195 Extra"]
[Source "ChessBase"]
[SourceDate "2020.05.31"]
[SourceVersion "1"]
[SourceVersionDate "2020.05.31"]
[SourceQuality "1"]
[WhiteTeam "Czech Republic 50 VIII"]
[BlackTeam "Germany 50 V"]
[WhiteTeamCountry "CZE"]
[BlackTeamCountry "GER"]

1. e4 e6 2. d4 d5 3. Nc3 dxe4 4. Nxe4 Nd7 5. Bd3 Ngf6 6. Be3 Nxe4 7. Bxe4 Nf6 8. Bf3 Be7 9. Ne2 0-0 10. Qd3 Rb8 11. 0-0-0 b6 12. c4 Ba6 13. g4 c5 14. g5 Nd5 15. Be4 f5 16. gxf6 Nxf6 17. Nf4 Qd7 18. d5 exd5 19. Bxd5+ Nxd5 20. Nxd5 Bd6 21. Rhg1 Qf7 22. Rg5 Rb7 23. Rdg1 Qe6 24. Qc3 Rff7 25. b3 Rbd7 26. h4 Bb7 27. h5 Bxd5 28. cxd5 Qe4 29. h6 Bf8 30. Re5 Qf3 31. Re8 Qxd5 32. hxg7 Rxg7 33. Rxf8+ Kxf8 34. Bh6 Qd4 35. Qf3+ Kg8 36. Qa8+ Rd8 37. Rxg7+ Kh8 38. Rxa7 Qa1+ 39. Kc2 Qd1+ 40. Kb2 Qd4+ 41. Ka3 Qb4+ 1/2-1/2

[Event "CZE-chT2D 1819"]
[Site "Czech Republic"]
[Date "2019.02.10"]
[Round "8.4"]
[White "Miculka, Petr"]
[Black "Holasek, Pavel"]
[Result "1-0"]
[WhiteElo "2049"]
[BlackElo "2095"]
[PlyCount "151"]
[EventDate "2018.10.14"]
[EventType "team-tourn"]
[EventRounds "11"]
[EventCountry "CZE"]
[SourceTitle "EXT 2022"]
[Source "ChessBase"]
[SourceDate "2021.10.06"]
[SourceVersion "1"]
[SourceVersionDate "2021.10.06"]
[SourceQuality "1"]
[WhiteTeam "Namest nad Oslavou"]
[BlackTeam "Pardubice Rapid"]
[WhiteTeamCountry "CZE"]
[BlackTeamCountry "CZE"]

1. e4 c5 2. Nf3 e6 3. d3 d5 4. Nbd2 Nf6 5. g3 b6 6. Bg2 Bb7 7. Qe2 Be7 8. 0-0 Nc6 9. c3 Qc7 10. Re1 dxe4 11. dxe4 a5 12. Nf1 Ba6 13. Qc2 Rd8 14. e5 Bd3 15. Qb3 Nd5 16. Ne3 Nxe3 17. Bxe3 b5 18. a4 c4 19. Qxb5 Rb8 20. Nd4 Rxb5 21. Bxc6+ Qxc6 22. Nxc6 Rd5 23. Nxe7 Kxe7 24. f4 Rb8 25. Ra2 Kd7 26. Kf2 Kc6 27. g4 h5 28. h3 hxg4 29. hxg4 Rh8 30. Kg3 Rdd8 31. Raa1 Rb8 32. Rh1 Rxh1 33. Rxh1 Rxb2 34. Rh8 Kd5 35. Rd8+ Kc6 36. Ra8 Rc2 37. Bd4 Kd5 38. f5 exf5 39. Kf4 fxg4 40. Rxa5+ Kc6 41. Ra6+ Kd7 42. Kxg4 Ra2 43. Kf4 Ra1 44. a5 Rf1+ 45. Kg5 Be4 46. Rd6+ Ke7 47. Rb6 Rb1 48. Bc5+ Kd7 49. Rd6+ Ke8 50. a6 Rb5 51. Bd4 Ke7 52. a7 f6+ 53. Kf4 Ba8 54. exf6+ gxf6 55. Rxf6 Ra5 56. Rh6 Kd7 57. Rh7+ Ke6 58. Rh6+ Kd7 59. Be5 Bg2 60. Rh2 Ba8 61. Rh7+ Ke6 62. Rh6+ Kd7 63. Kf5 Bg2 64. Rh7+ Kc6 65. Rc7+ Kb6 66. Rg7 Bh1 67. Ke6 Ra6 68. Bd4+ Kc6 69. Ke7 Ra1 70. Kd8 Ra2 71. Kc8 Be4 72. Rc7+ Kd6 73. Rb7 Ra6 74. Kb8 Ra4 75. a8Q Rxa8+ 76. Kxa8 1-0

[Event "CZE-chT2E 1617"]
[Site "Czech Republic"]
[Date "2017.02.26"]
[Round "9.4"]
[White "Miculka, Petr"]
[Black "Horsak, Jan"]
[Result "0-1"]
[WhiteElo "1979"]
[BlackElo "2087"]
[PlyCount "76"]
[EventDate "2016.09.10"]
[EventType "team-tourn"]
[EventRounds "11"]
[EventCountry "CZE"]
[SourceTitle "EXT 2022"]
[Source "ChessBase"]
[SourceDate "2021.10.06"]
[SourceVersion "1"]
[SourceVersionDate "2021.10.06"]
[SourceQuality "1"]
[WhiteTeam "Brno Lokomotiva II"]
[BlackTeam "Stare Mesto II"]
[WhiteTeamCountry "CZE"]
[BlackTeamCountry "CZE"]

1. e4 d6 2. d4 Nf6 3. Nc3 g6 4. f4 Bg7 5. Nf3 c5 6. Bb5+ Bd7 7. e5 Ng4 8. e6 fxe6 9. Ng5 Bxb5 10. Nxe6 Bxd4 11. Qxg4 Bd7 12. f5 Bxe6 13. fxe6 Nc6 14. Nd5 0-0 15. h4 Rf5 16. c4 Ne5 17. Qe4 Nxc4 18. Bf4 Nxb2 19. Ke2 Na4 20. Rac1 Nb6 21. Ne3 Bxe3 22. Bxe3 Re5 23. Qxb7 Nd5 24. Rh3 Nf4+ 25. Kf3 Nxh3 26. Bh6 Rb8 27. Qxa7 Rxe6 28. Kg3 Qc8 29. Rf1 Ra8 30. Qb6 Rf6 31. Rxf6 exf6 32. gxh3 Qd7 33. Qb3+ Qf7 34. Qd3 Rxa2 35. Qxd6 Qb3+ 36. Kg4 f5+ 37. Kg5 Qe3+ 38. Kf6 Qd4+ 0-1

[Event "CZE-chT2E 1617"]
[Site "Czech Republic"]
[Date "2017.01.29"]
[Round "7.3"]
[White "Parak, Dominik"]
[Black "Miculka, Petr"]
[Result "0-1"]
[WhiteElo "2079"]
[BlackElo "1979"]
[PlyCount "60"]
[EventDate "2016.09.10"]
[EventType "team-tourn"]
[EventRounds "11"]
[EventCountry "CZE"]
[SourceTitle "EXT 2022"]
[Source "ChessBase"]
[SourceDate "2021.10.06"]
[SourceVersion "1"]
[SourceVersionDate "2021.10.06"]
[SourceQuality "1"]
[WhiteTeam "Vsetin"]
[BlackTeam "Brno Lokomotiva II"]
[WhiteTeamCountry "CZE"]
[BlackTeamCountry "CZE"]

1. e4 c5 2. Nf3 Nc6 3. d4 cxd4 4. Nxd4 Nf6 5. Nc3 e5 6. Ndb5 d6 7. Bg5 a6 8. Na3 b5 9. Bxf6 gxf6 10. Nd5 Bg7 11. Qd3 0-0 12. c3 f5 13. exf5 e4 14. Qh3 b4 15. Nc2 bxc3 16. bxc3 Qa5 17. Qg3 Bxf5 18. Bc4 Kh8 19. Ncb4 Ne5 20. Bb3 Nd3+ 21. Nxd3 Bxc3+ 22. Kd1 Bxa1 23. N3b4 Qc5 24. Nc2 a5 25. Nde3 Be5 26. Qg5 Be6 27. h4 a4 28. Bxe6 fxe6 29. Ng4 Rab8 30. Rh3 Rb1+ 0-1

[Event "CZE-chT2E 1617"]
[Site "Czech Republic"]
[Date "2017.01.15"]
[Round "6.7"]
[White "Miculka, Petr"]
[Black "Krejca, Jakub"]
[Result "1/2-1/2"]
[WhiteElo "1979"]
[BlackElo "1992"]
[PlyCount "89"]
[EventDate "2016.09.10"]
[EventType "team-tourn"]
[EventRounds "11"]
[EventCountry "CZE"]
[SourceTitle "EXT 2022"]
[Source "ChessBase"]
[SourceDate "2021.10.06"]
[SourceVersion "1"]
[SourceVersionDate "2021.10.06"]
[SourceQuality "1"]
[WhiteTeam "Brno Lokomotiva II"]
[BlackTeam "Hostalkova"]
[WhiteTeamCountry "CZE"]
[BlackTeamCountry "CZE"]

1. e4 e6 2. d4 d5 3. Nc3 Bb4 4. Bd3 c5 5. exd5 exd5 6. Nf3 Bg4 7. dxc5 Qe7+ 8. Be3 Bxf3 9. Qxf3 d4 10. Bb5+ Kf8 11. Qg4 Nc6 12. Bxc6 Bxc3+ 13. bxc3 dxe3 14. Bf3 exf2+ 15. Kxf2 Qxc5+ 16. Qd4 Rc8 17. Bxb7 Qxd4+ 18. cxd4 Rxc2+ 19. Ke3 Rc3+ 20. Kd2 Rc7 21. Rab1 Nf6 22. Rhc1 Rxc1 23. Rxc1 Ke7 24. Rc7+ Ke6 25. Bf3 Rd8 26. Kd3 Rd7 27. Rxd7 Nxd7 28. Kc4 Kd6 29. Kb5 Nb8 30. a4 f5 31. g3 h6 32. h4 g5 33. hxg5 hxg5 34. a5 f4 35. gxf4 gxf4 36. Bg2 Kc7 37. Kc5 Na6+ 38. Kd5 Nb4+ 39. Ke6 Nc6 40. Bxc6 Kxc6 41. d5+ Kb5 42. d6 f3 43. d7 f2 44. d8Q f1Q 45. Qb8+ 1/2-1/2

[Event "Wch Seniors 50 26th"]
[Site "Marianske Lazne"]
[Date "2016.11.28"]
[Round "9"]
[White "Miculka, Petr"]
[Black "Christiansen, Arne"]
[Result "1/2-1/2"]
[WhiteElo "1995"]
[BlackElo "2133"]
[PlyCount "21"]
[EventDate "2016.11.19"]
[EventType "swiss"]
[EventRounds "11"]
[EventCountry "CZE"]
[SourceTitle "CBM 175 Extra"]
[Source "ChessBase"]
[SourceDate "2016.12.12"]
[SourceVersion "1"]
[SourceVersionDate "2016.12.12"]
[SourceQuality "1"]

1. e4 d6 2. d4 Nf6 3. Nc3 g6 4. f4 Bg7 5. Nf3 0-0 6. Bd3 Nc6 7. e5 dxe5 8. dxe5 Nd5 9. Bd2 Ncb4 10. Be4 c6 11. 0-0 1/2-1/2

[Event "Wch Seniors 50 26th"]
[Site "Marianske Lazne"]
[Date "2016.11.20"]
[Round "2"]
[White "Ruzicka, Tomas"]
[Black "Miculka, Petr"]
[Result "0-1"]
[WhiteElo "1796"]
[BlackElo "1995"]
[PlyCount "56"]
[EventDate "2016.11.19"]
[EventType "swiss"]
[EventRounds "11"]
[EventCountry "CZE"]
[SourceTitle "CBM 175 Extra"]
[Source "ChessBase"]
[SourceDate "2016.12.12"]
[SourceVersion "1"]
[SourceVersionDate "2016.12.12"]
[SourceQuality "1"]

1. e4 c5 2. f4 e6 3. Nf3 Nc6 4. Bb5 Nge7 5. 0-0 a6 6. Bxc6 Nxc6 7. e5 d5 8. d3 Be7 9. Nc3 b5 10. Bd2 Qb6 11. Kh1 b4 12. Ne2 Bb7 13. Be3 d4 14. Bg1 h5 15. b3 h4 16. h3 f6 17. Qe1 fxe5 18. fxe5 g5 19. g4 hxg3 20. Qxg3 g4 21. Qxg4 Nxe5 22. Qg3 Nxf3 23. Rxf3 0-0-0 24. Bh2 Rdg8 25. Qf2 Rxh3 26. Ng1 Rxg1+ 27. Kxg1 Rxf3 28. Qg2 Qc6 0-1

[Event "Pobeskydy op"]
[Site "Frydek Mistek"]
[Date "2016.03.27"]
[Round "7"]
[White "Pultorak, Jan"]
[Black "Miculka, Petr"]
[Result "1-0"]
[WhiteElo "2306"]
[BlackElo "2016"]
[PlyCount "107"]
[EventDate "2016.03.24"]
[EventType "swiss"]
[EventRounds "9"]
[EventCountry "CZE"]
[SourceTitle "CBM 171 Extra"]
[Source "ChessBase"]
[SourceDate "2016.04.26"]
[SourceVersion "1"]
[SourceVersionDate "2016.04.26"]
[SourceQuality "1"]

1. d4 Nf6 2. c4 g6 3. Nc3 Bg7 4. e4 d6 5. Nf3 0-0 6. Be2 e5 7. 0-0 Nc6 8. d5 Ne7 9. b4 a5 10. Ba3 Nd7 11. bxa5 Rxa5 12. Bb4 Ra8 13. a4 f5 14. Nd2 Bh6 15. Nb3 Nf6 16. f3 Be3+ 17. Kh1 f4 18. c5 Nh5 19. Qe1 Ng3+ 20. hxg3 Nf5 21. gxf4 exf4 22. exf5 Rxf5 23. g4 fxg3 24. Kg2 Qh4 25. Rh1 Qxb4 26. Bd1 Bf2 27. Qd2 Re5 28. cxd6 Be3 29. Qe1 Bd4 30. Ne4 Qxe1 31. Rxe1 Bxa1 32. Nxa1 Kg7 33. Bb3 cxd6 34. Rc1 Bd7 35. Rc7 Re7 36. Kxg3 Kf8 37. Rxb7 Bxa4 38. Rb6 Bxb3 39. Nxb3 Re5 40. Nd4 Rxd5 41. Ne6+ Ke7 42. Nc7 Raa5 43. Nxd5+ Rxd5 44. Rb7+ Ke6 45. Rxh7 Rd1 46. Kf4 d5 47. Ng5+ Kd6 48. Rg7 d4 49. Rxg6+ Kd5 50. Ne4 Kc4 51. Rc6+ Kd5 52. Rd6+ Kc4 53. Ke5 d3 54. Rd4+ 1-0